La Mitad del cielo: el movimiento de liberación de las mujeres en China
Guardado en:
| Autor principal: | |
|---|---|
| Formato: | Texto |
| Publicado: |
México, D.F.:
Siglo XXI
|
| Edición: | 6 |
| Etiquetas: |
Agregar Etiqueta
Sin Etiquetas, Sea el primero en etiquetar este registro!
|
MARC
| LEADER | 00000 a a2200000 04500 | ||
|---|---|---|---|
| 001 | 22577 | ||
| 003 | |||
| 040 | |||
| 020 | |a 968-23-0454-7 | ||
| 090 | |a 154600 | ||
| 100 | |a Broyelle, Claudie | ||
| 245 | |a La Mitad del cielo: el movimiento de liberación de las mujeres en China | ||
| 250 | |a 6 | ||
| 260 | |a México, D.F.: |b Siglo XXI | ||
| 300 | |a 294 p |b il. | ||
| 999 | |c 7626 |d 7626 | ||



